00762nam a2200157Ia 4500008004100000024005500041082001700096100007600113245009800189260002500287600002700312650003300339856010700372952010800479999001700587250506s9999 xx 000 0 und d a08B-197-EE, 08B-67-EE, 08B-166-EE & 07B-135-EE a677. 072 ARQ aArqum Bin Taj, Noman Sadiq, Muhammad Adeel Siddiqui & S. M. Bilal Jawed 0aHMI Based PLC Controlled Polycomponent Dosing System for Textile Industries Finishing Machine aKarachi:bUIT,c2008 aElectronic Engineering aBachelor of Engineering (BE) uhttps://drive.google.com/file/d/1GiNPC3Kvs03ziKtNsoNlkyR_wmaTq2re/view?usp=sharingyClick here for PDF 001040708PR-EEaUITUbUITUd2022-07-26l0o677. 072 ARQpEE-204r2025-05-06 11:34:13w2025-05-06yPR c27956d27956